00478nam a2200169Ia 450000500170000000800410001704000190005804100120007708200130008924500820010226000390018430000140022350400190023765000190025670000230027585000100029820240715094855.0131103s9999 xx 000 0 und d aLoreto College aEnglish a821bBAK 4aThe selected poetry and prose of Percy Bysshe ShelleycEdited by Carlos Baker aNew YorkbThe Modern Libraryc1951 axx,524p.  aIncludes index aEnglish poetry aBaker, Carlos; ed. aLCBED